Apuntes de Derecho Procesal Constitucional

Detalles Bibliográficos
Autor principal: Gonzl̀ez ℓlvarez-Bugallal, Mara̕ Cristina
Otros Autores: Medina Rubio, Ricardo
Formato: eBook
Lenguaje:español
Publicado: Alicante : Editorial Club Universitario, 2013
Materias:
Acceso en línea:http://www.vlex.com/source/7052

MARC

LEADER 00000nam a22000007a 4500
005 20130222125015.0
007 cr|||| ||||
008 130222e2013 sp |||||s|||| 00||0 spa d
020 |a 978-84-9948-853-0 
035 |a 7052 
040 |a vLex 
090 |c 3728  |d 3728 
100 1 0 |a Gonzl̀ez ℓlvarez-Bugallal, Mara̕ Cristina  
245 1 0 |a Apuntes de Derecho Procesal Constitucional  |h [Recurso electrn̤ico] 
256 |a Servicio en ln̕ea 
260 |a Alicante :  |b Editorial Club Universitario,   |c 2013 
300 |a 1 Recurso electrn̤ico 
650 0 4 |a Procedimiento constitucional  |z Espaą 
650 0 4 |a Derecho constitucional  |z Espaą 
700 1 0 |a Medina Rubio, Ricardo  
740 |a vLex Libros (Servicio en ln̕ea) 
856 |a Acceso restringido  |u http://www.vlex.com/source/7052 
942 |c BOOK 
999 0 |a Constitutional procedure